000 00651nam a2200253Ia 4500
001 36600
005 20240114001901.0
007 ta
008 070426s1958 a g b000 u 807 u
040 _aCotton College,Assam
041 _a807
082 _a780.954
_bSa79 Sa
100 _aShashtri, Vasudev .
245 0 _aSangit Shastra /
_cVasudev Shashtri.
_hTextual Documents
250 _a1st ed. /
260 _aDelhi :
_bPrakashan Sakha ,
_c1958.
300 _a421p. :
_bill ;
_c22cm .
653 _aMusic-India
653 _aIndian Music
653 _aG-Technology
942 _2ddc
_cBK
999 _c36582
_d36582